000 00394 a2200169 4500
001 191791
020 _a978-85-8193-321-4
040 _cMagnum
100 _aTwain, Mark
240 1 0 _aAs aventuras de Huckleberry Finn
_lpor
245 1 0 _aAs aventuras de Huckleberry Finn
300 _a32
362 0 _a2016
440 1 _aFolha de São Paulo
697 _aLITERATURA INFANTO
942 _cBK
999 _c191791
_d191791